000 00373nam a2200109Ia 4500
008 171204s9999 xx 000 0 und d
245 _aLittle Swimmer: Improve Your Child's Confidence and Physical Development
245 _cMagdalena Dabrowska
260 _c2014
650 _xPRF Ed 1: Child & Adolescent Development
856 _uhttp://down.ebook777.com/040/1782550127.pdf
999 _c345838
_d345838